| 000 | 00896nam a22002537a 4500 | ||
|---|---|---|---|
| 999 |
_c14199 _d14199 |
||
| 003 | AR-CdUCM | ||
| 008 | 190422b ||||| |||| 00| 0 spa d | ||
| 020 | _a978-84-236-8322-2 | ||
| 040 |
_aMUNICIPALIDAD PROVINCIAL DEL CUSCO _cBIBLIOTECA MUNICIPAL DEL CUSCO |
||
| 082 |
_aEP / 220 / _bG26 _23ed. |
||
| 100 |
_aGarcia, Berta _932878 |
||
| 245 | _aDisfruta con las Parábolas / | ||
| 260 |
_aBarcelona : _bEdebé, _c2009. |
||
| 300 |
_a95 páginas ; _bIlustraciones, _c28 cm. |
||
| 500 | _aIncluye Juegos, Manualidades, Reflexiones para que los niños disfruten mientras aprenden a convivir. | ||
| 505 | _aContenido: Disfruta con las Parábolas. | ||
| 650 |
_aLiteratura Infantil _9588 |
||
| 650 |
_aParábolas Infantiles _932879 |
||
| 650 |
_aReflexiones _93812 |
||
| 700 |
_aSegarra, Mercé _932880 |
||
| 700 |
_aBallaz, Jesus _932881 |
||
| 942 |
_2ddc _cLIBROS |
||
| 945 |
_acmm _d2019-04-22 |
||